El diálogo nacional: Condiciones, viabilidad y cultura de diálogo. Su operacionalización /
Uloženo v:
| Hlavní autor: | |
|---|---|
| Médium: | Text |
| Témata: | |
| Tagy: |
Přidat tag
Žádné tagy, Buďte první, kdo vytvoří štítek k tomuto záznamu!
|
MARC
| LEADER | 00000 a a2200000 04500 | ||
|---|---|---|---|
| 001 | 45486 | ||
| 003 | |||
| 040 | |||
| 090 | |a REV0780 (40)2002 | ||
| 100 | |a Mack Echeverría, Luis Fernando | ||
| 245 | |a El diálogo nacional: |b Condiciones, viabilidad y cultura de diálogo. Su operacionalización / |c Luis Fernando Mack Echeverría | ||
| 650 | |a CONFLICTOS POLITICOS | ||
| 650 | |a GOBIERNO | ||
| 650 | |a DEMOCRACIA | ||
| 650 | |a PARTIDOS POLITICOS | ||
| 650 | |a CORRUPCION | ||
| 650 | |a AUTORITARISMO | ||
| 773 | |g número40, V Epoca (2002), páginas 26-44 | ||
| 999 | |c 18179 |d 18179 | ||
